00976ny a22002413n 450000500170000000800410001702200140005803500090007204000210008124500480010225600240015026000490017431000140022350601850023765000560042265000550047865000220053371000420055574000400059784300270063785300300066485600400069420240305165335.0800715c19809999dcufx1p sl 0 a0eng d0 a0270-9163 a3946 aNSDPcNSDPdvLex00aEnergy law journalh[Recurso electrónico] aServicio en línea aWashington :bFederal Energy Bar Association aSemestral1 aContenido solo disponible en los productos indicadosdvLex GlobaldvLex Global (Academic Edition, excluding Law Schools)dvLex Global (U.S. Academic Edition, excluding Law Schools)04aDerechozEstados UnidosxPublicaciones periódicas04aRecursos energéticosxPublicaciones periódicas04aLaw and Education2 aFederal Energy Bar Association (U.S.) avLex Revista (Servicios en línea) aElectrónica. Cerrada 81i(year)j(month)k(day)40uhttps://app.vlex.com/#/sources/3946